000 005730000a22001810004500
003 MACL
005 20160402130525.0
008 160402b xxu||||| |||| 00| 0 eng d
040 _aMACL
_cMACL
041 _aHindi
082 _a398
100 _aकौशिक जय नारायण
_950007
245 _aलोक साहित्‍य और संस्‍कार संस्‍कृति
260 _bवरूण प्रकाशन
_c2004
_aनई दिल्‍ली
350 _a125
650 _aFolklore
_950008
942 _cHIN
_k398
_2ddc
999 _c18343
_d18343